000
00288nam a22001337a 4500
082
_a
894.812.3
_b
EDA/O
100
_a
EDAVANAKKAD, UMMAR
245
_a
ORU POOVINTE MARANAM
260
_a
ALUVA
_b
PEN BOOKS PVT LTD
_c
2000
300
_a
112
520
_a
NOVEL
650
_a
NOVEL
942
_c
BK
999
_c
4865
_d
4865